| 000 | 00448 a2200157 4500 | ||
|---|---|---|---|
| 003 | NUST | ||
| 005 | 20230309140039.0 | ||
| 040 | _cNust | ||
| 082 | _a891.439,SAD | ||
| 100 |
_asaddiqui, Muhammad Ismail _9110089 |
||
| 245 |
_aChandi Ky Tarr /چاندی کے تار (Urdu) / _cMuhammad Ismail saddiqui |
||
| 260 |
_aLahore _bS T printers _c1983 |
||
| 300 | _a352; p. | ||
| 650 |
_aUrdu Literature _xUrdu Dramy _9110090 |
||
| 942 |
_2ddc _cBK _k891.439,SAD |
||
| 999 |
_c187623 _d187623 |
||